[Event "Tilburg 74/557"]
[Site "?"]
[Date "1998.??.??"]
[Round "?"]
[White "Sadler, Matthew"]
[Black "Adams, Michael"]
[Result "1-0"]
[WhiteElo "2660"]
[BlackElo "2715"]
[PlyCount "81"]
[Source "ChessBase"]
[SourceDate "1998.10.01"]

1. d4 Nf6 2. c4 e6 3. Nc3 Bb4 4. e3 b6 5. Bd3 Bb7 6. Nf3 O-O 7. O-O Bxc3 8. bxc3 c5 9. a4 d6 10. Ba3 Ne4 11. Ne1 f5 12. f3 Nf6 13. Nc2 Nc6 14. e4 fxe4 15. fxe4 e5 16. d5 Ne7 17. Ne3 Bc8 18. Bc1 Bd7 19. Bd2 Qc7 20. Ra2 Rf7 21. Bc1 Raf8 22. Raf2 Qc8 23. Nf5 Nxf5 24. exf5 Qa6 25. Ra2 e4 26. Be2 Qc8 27. g4 h5 28. h3 Ne8 29. Qe1 Qd8 30. Bd1 Nf6 31. Bg5 Qe8 32. Qe3 a6 33. Bf4 Qe7 34. Rg2 Nh7 35. Bc2 Re8 36. Rb1 Qd8 37. Bd1 Kh8 38. Rgb2 Qh4 39. Rxb6 Ref8 40. Rb8 Bxf5 41. Rxf8+ 1-0

[Event "II President's Cup"]
[Site "Baku AZE"]
[Date "2007.05.10"]
[Round "8"]
[White "Milov, V."]
[Black "Short, N."]
[Result "0-1"]
[WhiteElo "2676"]
[BlackElo "2691"]
[PlyCount "84"]
[EventDate "2007.05.03"]
[Source "www.chesslib.no"]
[SourceDate "2004.05.04"]

1. d4 Nf6 2. c4 e6 3. Nc3 Bb4 4. e3 b6 5. f3 c5 6. d5 O-O 7. e4 d6 8. Nge2 exd5 9. cxd5 Nh5 10. g4 Qh4+ 11. Kd2 Nf6 12. Qe1 Qxe1+ 13. Kxe1 Nbd7 14. Ng3 a6 15. Kf2 g6 16. h4 b5 17. Be2 Ne5 18. a3 Ba5 19. h5 Rb8 20. g5 Ne8 21. f4 Ng4+ 22. Bxg4 Bxg4 23. Rh4 gxh5 24. Nxh5 Bxh5 25. Rxh5 f6 26. Bd2 Bd8 27. Rah1 fxg5 28. Rxh7 Bf6 29. f5 b4 30. Nd1 bxa3 31. bxa3 Bd4+ 32. Ke2 Nf6 33. Rh8+ Kf7 34. Rxf8+ Rxf8 35. Kd3 Rg8 36. Ne3 g4 37. Rb1 Re8 38. Rb7+ Kg8 39. Ng2 Rxe4 40. Rb6 Kf7 41. Rb7+ Ke8 42. Rc7 Be5 0-1

[Event "Geneve Credit Suisse"]
[Site "Geneve"]
[Date "1996.??.??"]
[Round "1.4"]
[White "Graf, Alexander"]
[Black "Kasparov, Garry"]
[Result "0-1"]
[WhiteElo "2580"]
[BlackElo "2785"]
[PlyCount "122"]
[EventDate "1996.08.29"]
[Source "ChessBase"]

1. d4 Nf6 2. c4 e6 3. Nc3 Bb4 4. Nf3 b6 5. e3 Ne4 6. Qc2 Bb7 7. Bd3 Bxc3+ 8. bxc3 f5 9. O-O O-O 10. Ne1 c5 11. f3 Nd6 12. Ba3 Na6 13. Qe2 Qe7 14. e4 fxe4 15. fxe4 Rxf1+ 16. Kxf1 e5 17. d5 Nc7 18. Kg1 Rf8 19. Nf3 Nf7 20. Bc1 d6 21. Rb1 Bc8 22. Qc2 Bd7 23. Be3 Nh8 24. a4 Ng6 25. a5 bxa5 26. Rb7 Bg4 27. Nd2 Ra8 28. Qa4 Bc8 29. Rb1 Qd8 30. Qxa5 Ne6 31. Qxd8+ Nxd8 32. Ra1 a5 33. g3 h6 34. Kf2 Nf8 35. Nb1 Nd7 36. Na3 Nf6 37. Ke1 Nf7 38. Rb1 Bg4 39. Kf2 a4 40. Kg2 Bh5 41. h3 Bg6 42. Kf3 Rf8 43. Bd2 Nxe4 44. Ke3 Nfg5 45. Rf1 Rxf1 46. Bxf1 Nxg3 47. Bg2 Be4 48. h4 Bxg2 49. hxg5 hxg5 50. Nb5 Nf5+ 51. Kf2 Be4 52. Bxg5 Bd3 53. Na3 Kf7 54. Ke1 Kg6 55. Bd8 e4 56. Kd2 Kh5 57. Bc7 g5 58. Nb5 Bxc4 59. Nxd6 e3+ 60. Ke1 Nxd6 61. Bxd6 a3 0-1

[Event "Credit Suisse"]
[Site "Biel"]
[Date "1997.07.31"]
[Round "9"]
[White "Lautier, Joel"]
[Black "Gelfand, Boris"]
[Result "1/2-1/2"]
[WhiteElo "2660"]
[BlackElo "2695"]
[PlyCount "122"]
[EventDate "1997.07.20"]
[Source "ChessBase"]
[SourceDate "1997.10.13"]

1. d4 Nf6 2. c4 e6 3. Nc3 Bb4 4. e3 O-O 5. Bd3 c5 6. Nf3 b6 7. O-O Bb7 8. a3 Bxc3 9. bxc3 Ne4 10. Ne1 f5 11. f3 Nd6 12. a4 Nc6 13. Nc2 Na5 14. Na3 a6 15. Rb1 Rc8 16. d5 e5 17. Rb2 Rb8 18. e4 f4 19. g3 Bc8 20. Qe1 g5 21. Rg2 Kh8 22. h4 Nf7 23. hxg5 Nxg5 24. gxf4 Nh3+ 25. Kh2 Nxf4 26. Bxf4 Rxf4 27. Qg3 Qh4+ 28. Qxh4 Rxh4+ 29. Kg3 Rf4 30. Rh1 d6 31. Rh6 Bd7 32. Rgh2 Rf7 33. Rxd6 Bxa4 34. Rh5 Bd7 35. Rxe5 Rg8+ 36. Kf2 Bg4 37. Be2 Rgf8 38. Ke3 Bxf3 39. Rf5 Rxf5 40. exf5 Bxe2 41. Kxe2 Rxf5 42. Rxb6 h5 43. Rxa6 Nb7 44. Nc2 Kg7 45. Rb6 Rf7 46. Ne3 h4 47. Re6 h3 48. Re4 Kg6 49. Rh4 Rh7 50. Rxh7 Kxh7 51. Kf3 Kg6 52. Kg3 Kg5 53. Kxh3 Kf4 54. Nd1 Nd6 55. Nb2 Ne4 56. Na4 Nd6 57. Nb6 Ne4 58. Nc8 Ke5 59. Kg4 Nxc3 60. Nb6 Ne4 61. Kf3 Nd2+ 1/2-1/2

[Event "Arnhem 75/485"]
[Site "?"]
[Date "1999.??.??"]
[Round "?"]
[White "Sadler, Matthew"]
[Black "Kortschnoj, Viktor"]
[Result "1-0"]
[WhiteElo "2667"]
[BlackElo "2673"]
[PlyCount "63"]
[EventDate "1999.??.??"]
[Source "ChessBase"]
[SourceDate "1999.02.01"]

1. d4 Nf6 2. c4 e6 3. Nc3 Bb4 4. e3 b6 5. Bd3 Bb7 6. Nf3 O-O 7. O-O c5 8. Na4 cxd4 9. exd4 Be7 10. Re1 Re8 11. a3 d6 12. b4 Nbd7 13. Bb2 Bf8 14. Bf1 g6 15. Nc3 Bg7 16. Rb1 a6 17. Nd2 d5 18. c5 bxc5 19. bxc5 Qc7 20. Na2 Bc6 21. Nb4 Bb5 22. Bxb5 axb5 23. Qe2 Bh6 24. Rbd1 Reb8 25. Nb1 Nh5 26. Nc3 Ra5 27. Ncxd5 exd5 28. Nxd5 Qd8 29. Ne7+ Kf8 30. Nc6 Nf4 31. Qg4 Qc7 32. Nxa5 1-0

[Event "Tilburg NED"]
[Site "Tilburg NED"]
[Date "1994.??.??"]
[Round "?"]
[White "Dreev, Alexey S"]
[Black "Epishin, Vladimir V"]
[Result "1-0"]
[WhiteElo "2645"]
[BlackElo "2675"]
[PlyCount "65"]
[EventDate "1994.??.??"]
[Source "www.chesslib.no"]
[SourceDate "2004.05.04"]

1. d4 Nf6 2. c4 e6 3. Nf3 Bb4+ 4. Nbd2 b6 5. e3 Bb7 6. Bd3 O-O 7. O-O c5 8. a3 Bxd2 9. Bxd2 d6 10. Bc3 Nbd7 11. b4 Qc7 12. Bb2 Rfe8 13. Be2 e5 14. Rc1 cxd4 15. exd4 Nh5 16. c5 bxc5 17. bxc5 dxc5 18. dxc5 Nf4 19. Bc4 Qc6 20. Qb3 Re6 21. Bxe6 fxe6 22. Rfe1 Rf8 23. Re3 Kf7 24. a4 Rd8 25. g3 Re8 26. Kf1 Rd8 27. Ke1 a6 28. Bxe5 Rb8 29. Re4 Qc8 30. Kf1 g5 31. Qb5 Ng2 32. Rd4 Bxf3 33. Qb6 1-0

[Event "Biel"]
[Site "Biel"]
[Date "1995.??.??"]
[Round "10"]
[White "Gelfand, Boris"]
[Black "De Firmian, Nick E"]
[Result "1/2-1/2"]
[WhiteElo "2685"]
[BlackElo "2605"]
[PlyCount "121"]
[EventDate "1995.07.??"]
[Source "ChessBase"]

1. d4 Nf6 2. c4 e6 3. Nc3 Bb4 4. e3 b6 5. Bd3 Bb7 6. Nf3 O-O 7. O-O c5 8. Na4 cxd4 9. a3 Be7 10. exd4 d6 11. Re1 Nbd7 12. Nc3 d5 13. b3 Rc8 14. Bf4 Nb8 15. Ne5 Nc6 16. Nb5 a6 17. Nxc6 Rxc6 18. Nc3 Rc8 19. Qd2 Re8 20. h3 h6 21. Be5 Bd6 22. cxd5 Nxd5 23. Nxd5 exd5 24. Qf4 Bxe5 25. dxe5 Rc3 26. Qd4 Qc7 27. b4 a5 28. Re3 Kf8 29. Kh2 Bc8 30. f4 g6 31. Bb5 Rxe3 32. Qxe3 Rd8 33. Rc1 d4 34. Qxd4 Rxd4 35. Rxc7 Be6 36. bxa5 bxa5 37. Ra7 Rxf4 38. Rxa5 Bd5 39. Be2 Rf2 40. Rxd5 Rxe2 41. a4 Ra2 42. a5 Ke7 43. Kg3 Ke6 44. Rc5 Kf5 45. Kf3 Ra3+ 46. Ke2 Ra2+ 47. Kd3 Rxg2 48. Kc4 Ra2 49. Kb5 g5 50. a6 h5 51. e6+ Kxe6 52. Rxg5 f5 53. Rxh5 f4 54. Rh8 f3 55. Rf8 f2 56. h4 Kd5 57. Kb6 Rb2+ 58. Ka7 Ke4 59. h5 Ke3 60. h6 Rb1 61. h7 1/2-1/2

[Event "Elista (ol) 73/616"]
[Site "?"]
[Date "1998.??.??"]
[Round "?"]
[White "Sadler, Matthew"]
[Black "Lautier, Joel"]
[Result "1-0"]
[WhiteElo "2660"]
[BlackElo "2625"]
[PlyCount "69"]
[EventDate "1998.??.??"]
[Source "ChessBase"]
[SourceDate "1998.06.01"]

1. d4 Nf6 2. c4 e6 3. Nc3 Bb4 4. e3 O-O 5. Bd3 c5 6. Nf3 b6 7. O-O Bb7 8. Na4 Qe7 9. a3 Ba5 10. b3 d5 11. Bb2 dxc4 12. Bxc4 Nbd7 13. Rc1 Rfd8 14. Qe2 a6 15. Bd3 Bd5 16. dxc5 b5 17. b4 bxa4 18. c6 Bb6 19. cxd7 a5 20. bxa5 Rxa5 21. e4 Ba8 22. Ne5 Nxd7 23. Nc4 Ra7 24. Nxb6 Nxb6 25. Bb5 Nd7 26. Rfd1 Nf8 27. f3 h6 28. Qc4 Rc7 29. Qxa4 Rxc1 30. Rxc1 Qg5 31. Bf1 Rd2 32. Qb3 Ng6 33. Rc8+ Kh7 34. Bc1 Nf4 35. g3 1-0

[Event "PCA/Intel-GP"]
[Site "New York"]
[Date "1994.??.??"]
[Round "1"]
[White "Vyzmanavin, Alexey"]
[Black "Nikolic, Predrag"]
[Result "0-1"]
[WhiteElo "2610"]
[BlackElo "2655"]
[PlyCount "78"]
[EventDate "1994.06.??"]
[Source "ChessBase"]

1. d4 Nf6 2. c4 e6 3. Nf3 b6 4. Nc3 Bb4 5. e3 Bb7 6. Bd3 Be4 7. O-O Bxc3 8. bxc3 Bxd3 9. Qxd3 O-O 10. e4 d6 11. Bg5 Qe8 12. Bxf6 gxf6 13. Nh4 Kh8 14. f4 Nd7 15. Kh1 Rg8 16. Qe2 Qf8 17. Rf3 Qh6 18. g3 Qh5 19. Qf2 c5 20. Rd3 cxd4 21. cxd4 Rac8 22. Rc1 Rc7 23. Rdc3 Rgc8 24. Ng2 b5 25. Ne3 bxc4 26. Rxc4 Rxc4 27. Rxc4 Rxc4 28. Nxc4 d5 29. Nd6 dxe4 30. Nxe4 Qd5 31. Qf3 Qxa2 32. Nd6 Qd5 33. Qxd5 exd5 34. Nxf7+ Kg7 35. Nd6 Nb8 36. Kg2 Nc6 37. Nf5+ Kg6 38. g4 a5 39. Kf3 a4 0-1

[Event "Najdorf mem 11th"]
[Site "Buenos Aires"]
[Date "2000.09.27"]
[Round "9"]
[White "Milov, Vadim"]
[Black "Milos, Gilberto"]
[Result "1/2-1/2"]
[WhiteElo "2626"]
[BlackElo "2633"]
[PlyCount "138"]
[EventDate "2000.09.18"]
[Source "ChessBase"]
[SourceDate "2001.01.25"]

1. d4 Nf6 2. c4 e6 3. Nc3 Bb4 4. e3 b6 5. f3 O-O 6. e4 Ba6 7. Bg5 h6 8. Bh4 d6 9. Bd3 c5 10. a3 Bxc3+ 11. bxc3 Nc6 12. Ne2 e5 13. O-O g5 14. Bf2 Nh5 15. Ng3 Nxg3 16. hxg3 Kg7 17. f4 f6 18. d5 Na5 19. Qe2 Qe8 20. a4 Bc8 21. Be3 Bd7 22. Bc2 Qe7 23. Rf2 Rh8 24. Raf1 Raf8 25. Bd1 Qe8 26. Qc2 Nxc4 27. Bc1 exf4 28. gxf4 gxf4 29. Bxf4 Ne5 30. Bg3 Rhg8 31. Bh4 Kh7 32. Rxf6 Rxf6 33. Rxf6 Bh3 34. g3 Rf8 35. Qf2 Rxf6 36. Qxf6 Qf7 37. Qxf7+ Nxf7 38. Be7 Bd7 39. Kf2 Kg6 40. Bc2 Kg7 41. Ke3 a5 42. c4 Ne5 43. Bb3 Nf7 44. Bd1 Ne5 45. Be2 Nf7 46. Bh5 Ne5 47. Be2 Nf7 48. Kd3 Kg6 49. Bd1 Ne5+ 50. Kc3 Nf7 51. Bf8 Bc8 52. Kd2 h5 53. Be7 Bd7 54. Bc2 Kg7 55. Ke3 Ne5 56. Bb3 Nf7 57. Kf4 Bg4 58. Ke3 Bh3 59. Bd1 Kg6 60. Kf4 Bf1 61. Bb3 Kg7 62. Ke3 Kg6 63. Bf8 Kf6 64. Bd1 Kg6 65. Be2 Bh3 66. Be7 Bd7 67. Bd1 Ne5 68. Bb3 Nf7 69. Bc2 Kg7 1/2-1/2

[Event "Silivri"]
[Site "?"]
[Date "2003.??.??"]
[Round "?"]
[White "Milov, V."]
[Black "Sokolov, I."]
[Result "1-0"]
[WhiteElo "2574"]
[BlackElo "2677"]
[PlyCount "87"]
[EventDate "2003.??.??"]
[Source "Chess Informant"]
[SourceDate "2003.10.01"]

1. d4 Nf6 2. c4 e6 3. Nc3 Bb4 4. e3 b6 5. f3 Ba6 6. Bd2 O-O 7. e4 Nh5 8. g3 f5 9. e5 d6 10. a3 Bxc3 11. Bxc3 f4 12. Qc2 dxe5 13. dxe5 fxg3 14. hxg3 Qg5 15. Ne2 g6 16. f4 Qf5 17. Qxf5 exf5 18. Bg2 c6 19. b3 b5 20. cxb5 Bxb5 21. Nd4 Nd7 22. Nxb5 cxb5 23. Bd5+ Kg7 24. Bxa8 Rxa8 25. e6+ Ndf6 26. O-O-O Kf8 27. Bxf6 Nxf6 28. Rhe1 Ke7 29. Re5 Rc8+ 30. Kb2 a6 31. Rd3 h5 32. a4 bxa4 33. bxa4 Rc7 34. Ka3 Ne4 35. Kb4 Nd6 36. Rc5 a5+ 37. Rxa5 Rb7+ 38. Kc5 Rc7+ 39. Kd5 Ne4 40. Ke5 Nf6 41. Ra6 Rc5+ 42. Kd4 Rc1 43. Rb3 Rc7 44. Rab6 1-0

[Event "Porto San Giorgio"]
[Site "?"]
[Date "1994.??.??"]
[Round "?"]
[White "Malaniuk, V."]
[Black "Tiviakov, S."]
[Result "1/2-1/2"]
[WhiteElo "2610"]
[BlackElo "2640"]
[PlyCount "96"]
[EventDate "1994.??.??"]
[Source "ChessBase"]
[SourceDate "1994.06.01"]

1. d4 Nf6 2. Nf3 e6 3. c4 b6 4. e3 Bb7 5. Nc3 Bb4 6. Bd3 O-O 7. O-O c5 8. Na4 cxd4 9. exd4 Be7 10. Re1 d6 11. b4 Nbd7 12. Bb2 Rc8 13. Nc3 Re8 14. Bf1 Qc7 15. h3 Qb8 16. Re3 Bf8 17. d5 e5 18. Nd2 g6 19. Re1 Bh6 20. Nb3 Ba6 21. b5 Bb7 22. a4 a5 23. bxa6 Bxa6 24. Nb5 Nc5 25. Nxc5 Bxb5 26. axb5 Rxc5 27. Ra6 Nd7 28. Qc2 Rcc8 29. Rea1 Nc5 30. R6a3 Bg7 31. Bc3 e4 32. Bxg7 Kxg7 33. Qc3+ Re5 34. Ra7 Rce8 35. R1a3 Qd8 36. Qa1 Kg8 37. Ra8 Qg5 38. Qd4 h5 39. R3a7 h4 40. Qe3 Qf6 41. Qh6 R5e7 42. Be2 Re5 43. Bf1 Rd8 44. Rxd8+ Qxd8 45. Be2 Qb8 46. Ra3 Qd8 47. Ra7 Qb8 48. Ra3 Qd8 1/2-1/2

[Event "Julian Borowski GM"]
[Site "Essen"]
[Date "1999.03.29"]
[Round "3"]
[White "Milov, Vadim"]
[Black "De Firmian, Nick E"]
[Result "1/2-1/2"]
[WhiteElo "2633"]
[BlackElo "2610"]
[PlyCount "63"]
[EventDate "1999.03.??"]
[Source "ChessBase"]
[SourceDate "1999.08.01"]

1. d4 Nf6 2. c4 e6 3. Nc3 Bb4 4. e3 b6 5. f3 O-O 6. e4 Ba6 7. Nh3 Nc6 8. Bd3 e5 9. d5 Na5 10. Qe2 Bxc3+ 11. bxc3 d6 12. Bg5 h6 13. Bh4 g5 14. Bg3 Bc8 15. Nf2 Nh5 16. c5 bxc5 17. Rb1 Kg7 18. O-O c6 19. dxc6 Be6 20. Rb2 Qc7 21. Ng4 Rab8 22. Rd2 Qxc6 23. Rfd1 c4 24. Bc2 Nxg3 25. hxg3 Bxg4 26. fxg4 Nb7 27. Kh2 Rbe8 28. Rb1 Re6 29. Rb4 a5 30. Ba4 Qc8 31. Rb1 Nc5 32. Bb5 1/2-1/2

[Event "US-op"]
[Site "Las Vegas"]
[Date "1997.??.??"]
[Round "4"]
[White "Ibragimov, Ildar"]
[Black "Hjartarson, Johann"]
[Result "1/2-1/2"]
[WhiteElo "2645"]
[BlackElo "2595"]
[PlyCount "65"]
[EventDate "1997.04.??"]
[Source "ChessBase"]
[SourceDate "1997.07.29"]

1. d4 Nf6 2. c4 e6 3. Nc3 Bb4 4. e3 b6 5. Bd3 Bb7 6. Nf3 Ne4 7. O-O f5 8. Ne2 Be7 9. b3 O-O 10. Bb2 Bf6 11. Nd2 Nd6 12. Qc2 c5 13. e4 fxe4 14. Nxe4 Nxe4 15. Bxe4 Bxe4 16. Qxe4 Nc6 17. Rad1 Qc7 18. Rd2 cxd4 19. Nxd4 Bxd4 20. Bxd4 Rf4 21. Qe3 Nxd4 22. Rxd4 Rxd4 23. Qxd4 Rf8 24. Rd1 Rf7 25. Rd2 Qd8 26. g3 Qf8 27. Qc3 Qa3 28. Kg2 Qc5 29. Qd4 Qxd4 30. Rxd4 Kf8 31. f4 Ke7 32. Kf3 Rf5 33. Ke4 1/2-1/2

[Event "Tal mem"]
[Site "Riga"]
[Date "1995.??.??"]
[Round "3"]
[White "Jussupow, Artur"]
[Black "Kengis, Edvins"]
[Result "1/2-1/2"]
[WhiteElo "2660"]
[BlackElo "2575"]
[PlyCount "69"]
[EventDate "1995.04.??"]
[Source "ChessBase"]

1. d4 Nf6 2. c4 e6 3. Nc3 Bb4 4. e3 b6 5. Bd3 Bb7 6. Nf3 Ne4 7. O-O f5 8. Ne2 O-O 9. Ng3 Bd6 10. Qc2 Bxg3 11. hxg3 Qe8 12. Nd2 Qg6 13. b4 a5 14. b5 d6 15. c5 dxc5 16. dxc5 Nxc5 17. Ba3 Nbd7 18. Be2 Rfc8 19. Nc4 Ne4 20. Rfd1 Bd5 21. Rac1 h5 22. Bf3 Qh6 23. Rd4 c5 24. Rd3 Rab8 25. Bb2 Ndf6 26. Be5 Rb7 27. Qd1 Rf8 28. Bxf6 Qxf6 29. Rxd5 exd5 30. Qxd5+ Qf7 31. Qc6 Qc7 32. Qd5+ Qf7 33. Qc6 Qc7 34. Qd5+ Qf7 35. Qc6 1/2-1/2

[Event "5th Open"]
[Site "Dubai"]
[Date "2003.04.21"]
[Round "2"]
[White "Mchedlishvili, Mikheil"]
[Black "Sakaev, Konstantin"]
[Result "0-1"]
[WhiteElo "2560"]
[BlackElo "2664"]
[PlyCount "58"]
[EventDate "2003.04.21"]
[Source "Roberto Alvarez"]
[SourceDate "2003.05.05"]

1. d4 Nf6 2. c4 e6 3. Nf3 b6 4. e3 Bb7 5. Nc3 Bb4 6. Bd3 Ne4 7. O-O f5 8. Ne2 O-O 9. a3 Bd6 10. b4 c5 11. Qb3 Nc6 12. bxc5 Na5 13. Qc2 bxc5 14. Ng3 Bxg3 15. hxg3 Rc8 16. Bd2 Nxd2 17. Nxd2 d5 18. Qb1 cxd4 19. exd4 dxc4 20. Nxc4 Bxg2 21. Kxg2 Qd5+ 22. Kg1 Nxc4 23. Rd1 Nd6 24. Bf1 f4 25. Bg2 f3 26. Bf1 Rf6 27. Re1 Qh5 28. Re5 Nf5 29. Qb7 Rcf8 0-1

[Event "Goodricke 11th op"]
[Site "Calcutta"]
[Date "2000.02.13"]
[Round "8"]
[White "Kortschnoj, Viktor"]
[Black "Iordachescu, Viorel"]
[Result "1-0"]
[WhiteElo "2659"]
[BlackElo "2560"]
[PlyCount "46"]
[EventDate "2000.02.05"]
[Source "ChessBase"]
[SourceDate "2000.03.10"]

1. d4 Nf6 2. c4 e6 3. Nf3 b6 4. Nc3 Bb4 5. e3 Bb7 6. Bd3 O-O 7. O-O c5 8. Na4 cxd4 9. exd4 d5 10. c5 bxc5 11. a3 c4 12. Bxh7+ Nxh7 13. axb4 Bc6 14. Nc5 Bb5 15. Ne5 c3 16. Re1 cxb2 17. Bxb2 Nc6 18. Ra3 a5 19. bxa5 Nxa5 20. Rh3 Ng5 21. Rg3 f6 22. Bc1 fxe5 23. Bxg5 Qe8 1-0

[Event "Deutschland"]
[Site "?"]
[Date "1996.??.??"]
[Round "?"]
[White "Jussupow, A."]
[Black "Wahls, M."]
[Result "1/2-1/2"]
[WhiteElo "2655"]
[BlackElo "2555"]
[PlyCount "91"]
[EventDate "1996.??.??"]
[Source "ChessBase"]
[SourceDate "1996.02.01"]

1. d4 Nf6 2. c4 e6 3. Nc3 Bb4 4. e3 b6 5. Bd3 Bb7 6. Nf3 Ne4 7. O-O Bxc3 8. bxc3 f5 9. Ne1 O-O 10. f3 Nf6 11. a4 c5 12. a5 bxa5 13. Rf2 Nc6 14. Rfa2 Qc7 15. Be2 Ba6 16. dxc5 Qe5 17. Nd3 Qc7 18. Ra4 Rf7 19. Bd2 g5 20. Be1 Bb7 21. Nc1 Qe5 22. Nd3 Qc7 23. Rb1 Re8 24. Nc1 e5 25. Nb3 f4 26. e4 Kh8 27. Rba1 g4 28. Bh4 gxf3 29. Bxf3 Rg8 30. Qd6 Qxd6 31. cxd6 Ng4 32. Nxa5 Ba8 33. Nxc6 Bxc6 34. Rb4 Ne3 35. Kf2 Ng4+ 36. Kg1 Ne3 37. Rxa7 Nxg2 38. Bxg2 Rg4 39. Be1 Bxe4 40. Ra2 f3 41. Bg3 fxg2 42. Bxe5+ Kg8 43. Rb8+ Rf8 44. Rxf8+ Kxf8 45. Rf2+ Kg8 46. Rf4 1/2-1/2

[Event "Deutschland"]
[Site "GER"]
[Date "1996.??.??"]
[Round "?"]
[White "Jussupow, Artur M"]
[Black "Wahls, Matthias"]
[Result "1/2-1/2"]
[WhiteElo "2655"]
[BlackElo "2555"]
[PlyCount "21"]
[EventDate "1996.??.??"]
[Source "www.chesslib.no"]
[SourceDate "2004.05.04"]

1. d4 Nf6 2. c4 e6 3. Nc3 Bb4 4. e3 b6 5. Bd3 Bb7 6. Nf3 Ne4 7. O-O Bxc3 8. bxc3 f5 9. Ne1 O-O 10. f3 Nf6 11. a4 1/2-1/2

[Event "Biel"]
[Site "Biel"]
[Date "1990.??.??"]
[Round "7"]
[White "Lautier, Joel"]
[Black "Andersson, Ulf"]
[Result "1/2-1/2"]
[WhiteElo "2570"]
[BlackElo "2630"]
[PlyCount "209"]
[EventDate "1990.07.??"]
[Source "ChessBase"]

1. d4 Nf6 2. c4 e6 3. Nc3 Bb4 4. e3 b6 5. Bd3 Bb7 6. Nf3 O-O 7. O-O Bxc3 8. bxc3 Be4 9. Be2 c5 10. Nd2 Bb7 11. a4 Nc6 12. Nb3 d6 13. f3 Qc7 14. e4 h6 15. Be3 e5 16. a5 Rad8 17. Qd2 Ne7 18. Rfb1 Nd7 19. Qb2 f5 20. Nd2 Rb8 21. axb6 axb6 22. Bd1 fxe4 23. fxe4 Bc8 24. d5 Nf6 25. h3 Ng6 26. Ra3 Nh4 27. Nf3 Nxf3+ 28. Bxf3 Qf7 29. Qf2 Qg6 30. Qh4 Nxd5 31. Bh5 Qf6 32. Qxf6 Nxf6 33. Bg6 Bb7 34. Bf5 Bxe4 35. Be6+ Kh7 36. Rd1 Rfd8 37. Ra2 Bg6 38. Rb2 Kh8 39. Ra1 Re8 40. Bg4 Nxg4 41. hxg4 Bd3 42. Ra6 Bxc4 43. Raxb6 Rxb6 44. Rxb6 Re6 45. g5 hxg5 46. Bxg5 Kg8 47. Kf2 Kf7 48. Rb7+ Kg6 49. Bd8 d5 50. Re7 Rf6+ 51. Kg3 e4 52. Bc7 Ra6 53. Kf4 Kf6 54. Re5 Ra2 55. Bd8+ Kf7 56. Bb6 Rxg2 57. Bxc5 g6 58. Rg5 Rh2 59. Bd4 Rh6 60. Rg1 Rh4+ 61. Kg5 Rh5+ 62. Kg4 Be2+ 63. Kg3 Bf3 64. Rb1 Rg5+ 65. Kh3 Rg2 66. Rg1 Rd2 67. Rg5 Rd3 68. Re5 Bd1+ 69. Kh4 Bb3 70. Rg5 Bc4 71. Rg3 Rd2 72. Kg5 Rh2 73. Kf4 Rh6 74. Rg5 Rh4+ 75. Rg4 Rh2 76. Rg3 Ra2 77. Rg1 Bd3 78. Rg5 Ra5 79. Ke3 Bc4 80. Rg1 Ra8 81. Kf4 Rg8 82. Kg5 Ke6 83. Rb1 Kd7 84. Rb7+ Kc6 85. Rb6+ Kc7 86. Rxg6 Rf8 87. Rf6 Re8 88. Kf4 Rg8 89. Rh6 Rg2 90. Rf6 Rh2 91. Rg6 Rh3 92. Rg3 Rh6 93. Kf5 Bd3 94. Be3 Rh7 95. Rg6 Rh3 96. Rg3 Rh8 97. Rg6 Kd7 98. Rh6 Rc8 99. Ke5 Bc4 100. Rd6+ Kc7 101. Rg6 Re8+ 102. Kf5 Kd7 103. Rb6 Rf8+ 104. Rf6 Ra8 105. Bd4 1/2-1/2

[Event "Arctic Chess Challenge 2008"]
[Site "Tromsø NOR"]
[Date "2008.08.07"]
[Round "6"]
[White "Agdestein, Simen"]
[Black "Malakhatko, Vadim"]
[Result "1-0"]
[WhiteElo "2583"]
[BlackElo "2612"]
[PlyCount "81"]
[EventDate "2008.08.02"]
[Source "www.chesslib.no"]
[SourceDate "2004.05.04"]

1. c4 e6 2. d4 Nf6 3. Nc3 Bb4 4. e3 b6 5. Qb3 c5 6. a3 Ba5 7. dxc5 bxc5 8. Bd2 Nc6 9. Nf3 O-O 10. Bd3 d5 11. O-O Ba6 12. Qa4 Bb7 13. cxd5 exd5 14. Rad1 a6 15. Qh4 h6 16. Na4 Bxd2 17. Rxd2 Qe7 18. Rc1 c4 19. Bc2 Rab8 20. h3 Ba8 21. Qf4 Rfe8 22. Rcd1 Kf8 23. Bb1 Ne5 24. Nxe5 Qxe5 25. Qxe5 Rxe5 26. Kf1 Re7 27. Re1 Bc6 28. Nc3 Reb7 29. Ree2 g6 30. f3 h5 31. h4 Re7 32. Kf2 Reb7 33. e4 dxe4 34. Rd6 Rxb2 35. Rxc6 e3+ 36. Kxe3 R2b3 37. Rxf6 Rxc3+ 38. Kd4 Rxa3 39. Be4 c3 40. Bd5 Kg7 41. Rxf7+ 1-0

[Event "Niksic"]
[Site "Niksic"]
[Date "1978.??.??"]
[Round "9"]
[White "Gligoric, Svetozar"]
[Black "Portisch, Lajos"]
[Result "1/2-1/2"]
[WhiteElo "2565"]
[BlackElo "2630"]
[PlyCount "38"]
[EventDate "1978.06.??"]
[Source "ChessBase"]

1. d4 Nf6 2. c4 e6 3. Nc3 Bb4 4. e3 b6 5. Bd3 Bb7 6. Nf3 O-O 7. O-O c5 8. Na4 cxd4 9. exd4 Re8 10. Bg5 h6 11. Bh4 Be7 12. Re1 d6 13. Nc3 Nbd7 14. Qe2 Nh5 15. Bxe7 Rxe7 16. Qe3 Nhf6 17. b4 Re8 18. Rad1 a6 19. Nd2 d5 1/2-1/2

[Event "BL 0304"]
[Site "Germany"]
[Date "2004.03.06"]
[Round "10.4"]
[White "Graf, Alexander"]
[Black "Wahls, Matthias"]
[Result "0-1"]
[WhiteElo "2646"]
[BlackElo "2546"]
[PlyCount "84"]
[EventDate "2004.03.06"]
[Source "Roberto Alvarez"]
[SourceDate "2004.03.22"]

1. d4 Nf6 2. c4 e6 3. Nc3 Bb4 4. e3 b6 5. Bd3 Bb7 6. Nf3 Ne4 7. O-O f5 8. Ne5 Nf6 9. Ne2 Bf8 10. f4 g6 11. Nc3 Bg7 12. Qe2 Nc6 13. Nxc6 Bxc6 14. b4 O-O 15. a4 a5 16. b5 Bb7 17. Ba3 Re8 18. Rad1 d6 19. Rfe1 Qe7 20. e4 Nh5 21. Qe3 Nxf4 22. Bf1 e5 23. c5 Rad8 24. cxd6 cxd6 25. d5 Qc7 26. Rc1 Ba8 27. g3 Nh5 28. exf5 gxf5 29. Qg5 Qf7 30. Be2 Nf6 31. Qxf5 Bh6 32. Rcd1 Be3+ 33. Kg2 Bd4 34. Rf1 Rf8 35. Rd3 Bxc3 36. Rxc3 Nxd5 37. Qg5+ Qg7 38. Qxg7+ Kxg7 39. Rc6 Ne3+ 40. Kh3 Nxf1 41. Rxb6 Ne3 42. Bd3 Rf6 0-1

[Event "Bratto ITA"]
[Site "?"]
[Date "2002.08.26"]
[Round "7"]
[White "Epishin Vladimir"]
[Black "Cebalo Miso"]
[Result "1-0"]
[WhiteElo "2643"]
[BlackElo "2548"]
[PlyCount "89"]
[EventDate "2002.??.??"]
[Source "www.chesslib.no"]
[SourceDate "2004.05.04"]

1. d4 Nf6 2. c4 e6 3. Nc3 Bb4 4. Nf3 b6 5. e3 Bb7 6. Bd3 c5 7. O-O O-O 8. Re1 d6 9. Bd2 Nbd7 10. Rc1 Qe7 11. a3 Bxc3 12. Bxc3 Ne4 13. Bxe4 Bxe4 14. Nd2 Bb7 15. e4 cxd4 16. Bxd4 e5 17. Be3 f5 18. exf5 Rxf5 19. f3 Qe6 20. Nf1 h6 21. Rc2 Rf6 22. Rd2 Rc8 23. b3 Nf8 24. Bf2 Ng6 25. Bg3 Rcf8 26. Re3 Ne7 27. Bh4 g5 28. Bf2 Nf5 29. Re1 Nh4 30. Bxh4 gxh4 31. h3 Rg6 32. Kh1 Kh8 33. Nh2 Rf4 34. Re3 e4 35. Rde2 Kh7 36. Qe1 d5 37. cxd5 Bxd5 38. fxe4 Bxb3 39. Rf2 Rgf6 40. Rxf4 Rxf4 41. Ng4 a5 42. Kh2 Rf7 43. e5 Bc2 44. Qxh4 Rf5 45. Rc3 1-0

[Event "Biel"]
[Site "?"]
[Date "1995.??.??"]
[Round "?"]
[White "Milov, V."]
[Black "de Firmian, N."]
[Result "1-0"]
[WhiteElo "2570"]
[BlackElo "2605"]
[PlyCount "79"]
[EventDate "1995.??.??"]
[Source "ChessBase"]
[SourceDate "1995.06.01"]

1. d4 Nf6 2. c4 e6 3. Nc3 Bb4 4. e3 b6 5. f3 c5 6. d5 O-O 7. e4 d6 8. Nge2 b5 9. Ng3 exd5 10. cxd5 a6 11. Be2 Nbd7 12. O-O c4 13. Be3 Re8 14. Kh1 Bc5 15. Bxc5 Nxc5 16. b4 cxb3 17. axb3 b4 18. Nb5 Qb6 19. Nd4 Bd7 20. Qd2 a5 21. Bc4 h6 22. Nc6 Bxc6 23. dxc6 Qxc6 24. Nf5 Kf8 25. Rfd1 d5 26. exd5 Qd7 27. Nxh6 a4 28. bxa4 Rxa4 29. d6 b3 30. Rac1 Rb8 31. Qb2 Ra2 32. Qe5 b2 33. Rb1 Ra1 34. Rxa1 bxa1=Q 35. Rxa1 Nb7 36. Nxf7 Re8 37. Qd4 Na5 38. Ba2 Nc6 39. Qc3 Ra8 40. Bc4 1-0